Online katalóg knižníc regiónu Turca

Klobučníkov hrad (Record no. 22394)

MARC details
000 -LEADER
fixed length control field 00926cam a2200289 a 4500
001 - CONTROL NUMBER
control field 22394
003 - CONTROL NUMBER IDENTIFIER
control field SK-KTurca
005 - DATE AND TIME OF LATEST TRANSACTION
control field 20260327145513.0
008 - FIXED-LENGTH DATA ELEMENTS--GENERAL INFORMATION
fixed length control field 210928s1986 xo dr 0000f slo
015 ## - NATIONAL BIBLIOGRAPHY NUMBER
National bibliography number SNBA1986
020 ## - INTERNATIONAL STANDARD BOOK NUMBER
Qualifying information (viaz.)
040 ## - CATALOGING SOURCE
Original cataloging agency SNK
Language of cataloging slo
Transcribing agency SNK
Description conventions AACR2
041 1# - LANGUAGE CODE
Language code of text/sound track or separate title slo
Language code of original eng
044 ## - COUNTRY OF PUBLISHING/PRODUCING ENTITY CODE
MARC country code xo
ISO country code SK
072 #7 - SUBJECT CATEGORY CODE
Subject category code 821.111-3
Subject category code subdivision Anglická próza, anglicky písaná
Source konspekt
080 ## - UNIVERSAL DECIMAL CLASSIFICATION NUMBER
Universal Decimal Classification number 821.111-31
Edition identifier 2001
080 ## - UNIVERSAL DECIMAL CLASSIFICATION NUMBER
Universal Decimal Classification number (0:82-31)
Edition identifier 2001
100 1# - MAIN ENTRY--PERSONAL NAME
Personal name Cronin, A. J.
Fuller form of name (Archibald Joseph),
Dates associated with a name 1896-1981
Relationship aut
240 10 - UNIFORM TITLE
Uniform title Hatter's castle
Language of a work Slovensky
245 10 - TITLE STATEMENT
Title Klobučníkov hrad
Statement of responsibility, etc. A.J. Cronin ; [z anglického originálu Hatter's castle ... preložila Šarlota Barániková]
250 ## - EDITION STATEMENT
Edition statement 2. vyd.
260 ## - PUBLICATION, DISTRIBUTION, ETC.
Place of publication, distribution, etc. Bratislava
Name of publisher, distributor, etc. Slovenský spisovateľ
Date of publication, distribution, etc. 1986
300 ## - PHYSICAL DESCRIPTION
Extent 522 s.
Dimensions 21 cm
655 #7 - INDEX TERM--GENRE/FORM
Genre/form data or focus term anglické romány
Source of term SNKPH
700 1# - ADDED ENTRY--PERSONAL NAME
Personal name Barániková, Šarlota,
Dates associated with a name 1923-1996
Relationship trl
942 ## - ADDED ENTRY ELEMENTS (KOHA)
Source of classification or shelving scheme Dewey Decimal Classification
Koha item type Krásna literatúra pre dospelých
Suppress in OPAC No
Holdings
Stav vyradenia Strata Poškodenie Spôsob nadobudnutia Domovská knižnica Aktuálna knižnica Dátum nadobudnutia Total checkouts Čiarový kód exemplára Date last seen Typ exemplára
      Dar Obecná knižnica Horná Štubňa Obecná knižnica Horná Štubňa 27.03.2026   4736201977 27.03.2026 Krásna literatúra pre dospelých
Projekt je podporený Slovenskou asociáciou knižníc
Prevádzkuje Turčianska knižnica Martin 2026